02024 a2200181 45000010006000000050017000060080041000230030015000640400040000790800095001192450110002140200022003242640129003463000019004755051210004941000023017048560115017271524620260407155449.0260407a2012 arg spa dAR-UNSa-BCEJYS aAR-UNSa-BCEJYSbspacAR-UNSa-BCEJYS a330.8xHistoria de las teorías, Doctrinas, Dogmas económicos (pensamiento económico)10aEconomía feministapensayos sobre el papel de la mujer en la economía, la educación y el desarrollo a978-987-1436-66-8 1aCórdoba :bAsociación Cooperadora de la Facultad de Ciencias Económicas de la Universidad Nacional de Córdoba.c2012 a306 p.c21 cm. a1. ¿Qué es la economía feminista? - 2. La economía feminista como una nueva forma de pensamiento - 3. Feminización de la educación superior en las Ciencias Económicas: un estudio de casos - 4. Aspectos institucionales del personal investigador en las Ciencias Económicas y el programa de incentivos docentes - 5. Docentes en Ciencias Económicas en la Universidad Nacional de La Rioja: análisis de algunos aspectos cualitativos - 6. ¿Perspectiva de género para el presupuesto universitario en Argentina? - 7. Feminización de la matrícula y el egreso en la Universidad Nacional de Córdoba - 8. La familia y la mujer rural en el sudeste de la provincia de Córdoba frente a la transformación tecnológica del sector agropecuario - 9. Marketing de género: una perspectiva particular - 10. Mujeres micro-emprendedoras en Córdoba: motivaciones y tipología - 11. Ecofeminismo, activismo y la lucha por la supervivencia de las pequeñas explotaciones familiares en Canadá. El país del norte frente a la agricultura global y una comparación con el caso argentino - 12. ¿Es viable una asociación entre desarrollo y género? Un estudio aplicado a Canadá y Argentina1 aPerona, B. Eugenia41uhttps://biblioeco.unsa.edu.ar/pmb/images/libros/Economia Feministra-l119021.jpgyImagen de portadaqimage/jpeg